[Event "23.Schlosspark-Open"]
[Site "Wiesbaden"]
[Date "2011.08.28"]
[Round "6.59"]
[White "Kuhnigk, Thomas"]
[Black "Kornilov, Alexander"]
[Result "1-0"]
[WhiteElo "1701"]
[BlackElo "1192"]
[PlyCount "161"]
[EventDate "2011.??.??"]
[WhiteTeam "SC Taunusstein 1966"]
[BlackTeam "SAbt TuS Makkabi Ffm"]

1. d4 Nf6 2. Nf3 d5 3. Bf4 Bg4 4. Nbd2 Nc6 5. e3 Bxf3 6. Nxf3 a6 7. a3 e6 8. c4
Bd6 9. Bg5 h6 10. Bh4 g5 11. Bg3 Ne4 12. cxd5 Nxg3 13. hxg3 exd5 14. Bd3 Ne7
15. Nxg5 Ng6 16. Bxg6 Qxg5 17. Bh5 Rg8 18. g4 Rg7 19. Qd3 O-O-O 20. O-O-O Rf8
21. f3 Re8 22. Rde1 Re7 23. Kb1 Rg8 24. e4 dxe4 25. fxe4 f6 26. Rhf1 Rd8 27.
Rf5 Qg7 28. Ref1 Be5 29. d5 c6 30. Qe3 cxd5 31. exd5 Rxd5 32. Qa7 Rc7 33. Qa8+
Kd7 34. Be8+ Ke6 35. Ba4 Ke7 36. Qe8+ Kd6 37. Qd8+ Ke6 38. Bb3 Rcd7 39. Bxd5+
Rxd5 40. Qe8+ Qe7 41. Qxe7+ Kxe7 42. R5f2 Rd4 43. Rh1 Bf4 44. Re2+ Kd7 45. Rhe1
Be5 46. Re4 Rd2 47. R1e2 Rd1+ 48. Kc2 Rd5 49. b4 Ke6 50. Rd2 Rxd2+ 51. Kxd2 f5
52. gxf5+ Kxf5 53. Ke3 h5 54. Rh4 Kg5 55. Rc4 b6 56. Rc6 Bh2 57. Kf3 Bg1 58. a4
a5 59. bxa5 bxa5 60. Ra6 Kh4 61. Rxa5 Bh2 62. Ra8 Kg5 63. a5 Kh4 64. a6 Bg1 65.
Rd8 Bb6 66. Rd7 Kg5 67. a7 Bxa7 68. Rxa7 Kh4 69. Ra4+ Kg5 70. Kg3 h4+ 71. Rxh4
Kg6 72. Kg4 Kf6 73. Rh5 Kg6 74. Ra5 Kf6 75. g3 Kg6 76. Ra6+ Kg7 77. Kh5 Kh7 78.
Ra7+ Kg8 79. g4 Kh8 80. Kg6 Kg8 81. Ra8# 1-0

[Event "23.Schlosspark-Open"]
[Site "Wiesbaden"]
[Date "2011.08.28"]
[Round "6.61"]
[White "Kannenberg, Carl-Fr"]
[Black "Happel, Jürgen"]
[Result "1-0"]
[WhiteElo "1947"]
[BlackElo "1534"]
[PlyCount "113"]
[EventDate "2011.??.??"]
[WhiteTeam "SAbt TuS Dotzheim"]
[BlackTeam "SV 1920 Hofheim"]

1. e4 e5 2. Nf3 Nc6 3. Bb5 d6 4. d4 exd4 5. Nxd4 Bd7 6. Nxc6 Bxc6 7. Bxc6+ bxc6
8. O-O Nf6 9. b3 Be7 10. Re1 O-O 11. Bb2 Nd7 12. c4 c5 13. Nc3 Bf6 14. Qd2 Bxc3
15. Bxc3 f6 16. Rad1 Ne5 17. f4 Nf7 18. e5 fxe5 19. fxe5 dxe5 20. Bxe5 Qxd2 21.
Rxd2 c6 22. Bg3 a5 23. Bf2 Rfd8 24. Rxd8+ Rxd8 25. Bxc5 h6 26. Bb6 Rd2 27. a4
Rb2 28. Re8+ Kh7 29. Re3 Nd6 30. Bxa5 Nb7 31. Bb6 Nd6 32. a5 Ra2 33. Re6 Nb7
34. b4 c5 35. bxc5 Nxa5 36. Bxa5 Rxa5 37. c6 Rc5 38. Kf2 Rxc4 39. h3 Kg8 40.
Ke3 Rc1 41. Rd6 Kf8 42. Ke4 Ke7 43. Rd7+ Ke8 44. Kd5 Rd1+ 45. Ke6 Re1+ 46. Kd6
Rd1+ 47. Kc7 Rc1 48. Rxg7 Rc2 49. Rh7 Rxg2 50. Rxh6 Rg3 51. h4 Kf7 52. h5 Rd3
53. Rd6 Rb3 54. h6 Ra3 55. Kd7 Ra8 56. c7 Ra7 57. Kd8 1-0

[Event "23.Schlosspark-Open"]
[Site "Wiesbaden"]
[Date "2011.08.28"]
[Round "6.62"]
[White "Neuhoff, Ulrich"]
[Black "Süß, Stefan"]
[Result "1-0"]
[WhiteElo "1582"]
[BlackElo "1800"]
[PlyCount "101"]
[EventDate "2011.??.??"]
[WhiteTeam "SK Bad Homburg 1927"]
[BlackTeam "Mosbacher SC v.1931"]

1. c4 g6 2. g3 Bg7 3. Bg2 d6 4. e4 Nc6 5. Ne2 e5 6. O-O Nf6 7. h3 O-O 8. Nbc3
Nd4 9. d3 c5 10. Be3 Nh5 11. Kh2 a6 12. Qd2 Rb8 13. f4 Nxe2 14. Nxe2 b5 15.
Rab1 Qc7 16. f5 Nf6 17. g4 bxc4 18. dxc4 Bb7 19. Ng3 Ne8 20. Bh6 f6 21. Be3 g5
22. Bf3 a5 23. Kg2 h6 24. Rh1 Kf7 25. h4 Rh8 26. Nh5 Qe7 27. Rh2 Ra8 28. Rbh1
Nc7 29. hxg5 hxg5 30. Rd1 Ne8 31. Kg3 Bh6 32. Qc3 a4 33. Rdh1 Bc6 34. b3 axb3
35. axb3 Ra3 36. Ra1 Qa7 37. Rxa3 Qxa3 38. Rh1 Qa6 39. b4 cxb4 40. Qxb4 Qb7 41.
Qxb7+ Bxb7 42. c5 Bc6 43. cxd6 Bd7 44. Be2 Rh7 45. Bc4+ Kf8 46. Bc5 Bg7 47. Ra1
Bh8 48. Ra7 Bxf5 49. Rxh7 Bxh7 50. d7+ Nd6 51. Bxd6# 1-0

[Event "23.Schlosspark-Open"]
[Site "Wiesbaden"]
[Date "2011.08.28"]
[Round "6.63"]
[White "Traut, Stefan"]
[Black "Sommer, Konstantin"]
[Result "1/2-1/2"]
[WhiteElo "1776"]
[BlackElo "1494"]
[PlyCount "40"]
[EventDate "2011.??.??"]
[WhiteTeam "Sfr. Heusenstamm"]
[BlackTeam "SF 1876 Göppingen"]

1. d4 Nf6 2. Nf3 g6 3. c4 c5 4. e3 Bg7 5. Nc3 O-O 6. Be2 d6 7. O-O Nbd7 8. b3
b6 9. Bb2 Bb7 10. Qc2 e6 11. Rad1 Qe7 12. Rfe1 Rfd8 13. e4 cxd4 14. Nxd4 Nc5
15. Bf3 Rac8 16. Qe2 a6 17. h4 h5 18. g3 Ncd7 19. Nc2 Ne5 20. Bg2 Nfg4 1/2-1/2

[Event "23.Schlosspark-Open"]
[Site "Wiesbaden"]
[Date "2011.08.28"]
[Round "6.64"]
[White "Dyga, Ryszard"]
[Black "Klebs, Sebastian"]
[Result "0-1"]
[WhiteElo "1580"]
[BlackElo "1738"]
[PlyCount "134"]
[EventDate "2011.??.??"]
[WhiteTeam "SV 1920 Hofheim"]
[BlackTeam "vereinslos"]

1. e4 c5 2. Nf3 e6 3. d4 cxd4 4. Nxd4 a6 5. Nc3 Qc7 6. Bd3 Nf6 7. Be3 Bb4 8.
Bd2 O-O 9. Nce2 Be7 10. Bc3 b5 11. Qd2 Bb7 12. Ng3 d5 13. f3 Bd6 14. Nde2 Nbd7
15. O-O-O Bc6 16. Qg5 h6 17. Qh4 Ne5 18. Nh5 Nxh5 19. Qxh5 Nxd3+ 20. Rxd3 dxe4
21. Qg4 Be5 22. fxe4 b4 23. Bd2 Kh7 24. Bxb4 Rfb8 25. Bc3 Bb5 26. Bxe5 Qxe5 27.
Rb3 Rd8 28. Nc3 Bc6 29. Rb6 Rd6 30. g3 Qd4 31. Rb3 Qd2+ 32. Kb1 Rad8 33. a3 Qg2
34. Rd1 Rxd1+ 35. Nxd1 Bxe4 36. Ne3 Qh1+ 37. Ka2 Bg6 38. Qe2 Qc1 39. Rc3 Rd2
40. Qf1 Qxf1 41. Nxf1 Rxc2 42. Kb3 Rf2 43. Rc1 Bd3 44. Ne3 Rxh2 45. Ng4 Re2 46.
Rc3 Be4 47. Ne3 h5 48. a4 g5 49. Ka3 h4 50. gxh4 gxh4 51. Ng4 Kg6 52. Ne5+ Kf6
53. Ng4+ Kg5 54. Ne5 f6 55. Nf7+ Kg4 56. Nh6+ Kh5 57. Ng8 Kg5 58. b4 Bd5 59. b5
a5 60. Rb3 Bxb3 61. Kxb3 Rd2 62. Ne7 Rd7 63. Nc6 h3 64. Nxa5 h2 65. Nc4 h1=Q
66. a5 Qb1+ 67. Ka4 Rd4 0-1

[Event "23.Schlosspark-Open"]
[Site "Wiesbaden"]
[Date "2011.08.28"]
[Round "6.65"]
[White "Hoffmann, Jörn"]
[Black "Bratmann, Marc"]
[Result "0-1"]
[WhiteElo "1686"]
[BlackElo "1455"]
[PlyCount "60"]
[EventDate "2011.??.??"]
[WhiteTeam "SC Taunusstein 1966"]
[BlackTeam "SAbt TuS Dotzheim"]

1. e4 e5 2. Nc3 Nc6 3. Bc4 Nf6 4. Nf3 Bc5 5. d3 d6 6. h3 h6 7. Na4 Bb6 8. Nxb6
axb6 9. Be3 d5 10. exd5 Nxd5 11. Bb5 Qd6 12. Bd2 O-O 13. a3 Re8 14. O-O Bf5 15.
Re1 e4 16. dxe4 Bxe4 17. Bc4 Rad8 18. Nh4 Nf6 19. Bc3 Qf4 20. g3 Rxd1 21. gxf4
Rxa1 22. Rxa1 Bxc2 23. Kh2 Kf8 24. f3 Nh5 25. Ng2 Na5 26. Ba2 Re2 27. Be5 c6
28. Rc1 Nb3 29. Rxc2 Nd4 30. Rxe2 Nxf3+ 0-1

[Event "23.Schlosspark-Open"]
[Site "Wiesbaden"]
[Date "2011.08.28"]
[Round "6.66"]
[White "Diener, Carolin Valeria"]
[Black "Sonnberger, Bernd"]
[Result "1/2-1/2"]
[WhiteElo "1624"]
[BlackElo "1174"]
[PlyCount "121"]
[EventDate "2011.??.??"]
[WhiteTeam "Sfr.1891 Friedberg"]
[BlackTeam "SC Dietmannsried"]

1. e4 d6 2. d4 Nf6 3. Nc3 g6 4. Nf3 Bg7 5. Be3 O-O 6. Bd3 a6 7. h3 Nbd7 8. O-O
e5 9. Qd2 Qe8 10. Bh6 exd4 11. Nxd4 Nc5 12. Bxg7 Kxg7 13. Rfe1 Qd8 14. Qe3 Re8
15. Qf3 Re5 16. b4 Ne6 17. Nxe6+ Bxe6 18. Ne2 Nh5 19. Qe3 Bd7 20. Bc4 Re7 21.
Qc3+ Kg8 22. Nd4 Qf8 23. Nf3 Qg7 24. Qxg7+ Kxg7 25. Rad1 f6 26. a3 Be6 27. Bxe6
Rxe6 28. Nd4 Re7 29. Rd3 Kf7 30. Rf3 Rae8 31. Rfe3 Ng7 32. Kh2 Ne6 33. Nxe6
Rxe6 34. Kg3 Re5 35. f3 Rg5+ 36. Kf2 Rge5 37. c4 b6 38. Rd1 g5 39. Rd5 R8e6 40.
Red3 Ke7 41. Rxe5 fxe5 42. Kg3 h6 43. Kg4 Rf6 44. Rd1 Ke6 45. Kg3 Kd7 46. h4
Rg6 47. Rd2 Kc6 48. Kg4 gxh4+ 49. Kxh4 Rg5 50. Rf2 a5 51. g4 axb4 52. axb4 b5
53. Rc2 bxc4 54. Rxc4+ Kb6 55. Rc3 c6 56. Rd3 Rg6 57. Kh5 Re6 58. Kh4 Kb5 59.
Rb3 Kc4 60. Rb1 d5 61. exd5 1/2-1/2

[Event "23.Schlosspark-Open"]
[Site "Wiesbaden"]
[Date "2011.08.28"]
[Round "6.67"]
[White "Grötzinger, Waldemar"]
[Black "Rosmanitz, Anna"]
[Result "1-0"]
[WhiteElo "1592"]
[BlackElo "1280"]
[PlyCount "59"]
[EventDate "2011.??.??"]
[WhiteTeam "Sfr. Frankfurt 1921"]
[BlackTeam "SC 1979 Hattersheim"]

1. e4 e5 2. f4 Nc6 3. Nf3 exf4 4. d4 Nf6 5. e5 Nd5 6. Bc4 Nb6 7. Bb3 d6 8. Bxf4
Bg4 9. O-O dxe5 10. Bxf7+ Kd7 11. dxe5+ Kc8 12. Qxd8+ Nxd8 13. Bb3 Bc5+ 14. Kh1
Rf8 15. Bg3 Bxf3 16. gxf3 Nf7 17. Nc3 Bd4 18. Be6+ Kb8 19. Bxf7 Rxf7 20. Rad1
Bc5 21. Rd8+ Nc8 22. Nd5 a6 23. e6 Rf5 24. e7 Rxd5 25. e8=Q Rxd8 26. Qxd8 Bb6
27. Re1 Ka7 28. Bxc7 Bxc7 29. Qxc7 Rb8 30. Re8 1-0

[Event "23.Schlosspark-Open"]
[Site "Wiesbaden"]
[Date "2011.08.28"]
[Round "6.68"]
[White "Sommer, Norbert"]
[Black "Wagner, Günter"]
[Result "1/2-1/2"]
[WhiteElo "1562"]
[BlackElo "1588"]
[PlyCount "57"]
[EventDate "2011.??.??"]
[WhiteTeam "SF 1876 Göppingen"]
[BlackTeam "SV 1946 Groß-Gerau"]

1. d4 Nf6 2. Nf3 d6 3. c4 g6 4. Nc3 Bg7 5. Bg5 O-O 6. e3 c5 7. Be2 Na6 8. O-O
Nc7 9. Qc2 b6 10. d5 Rb8 11. Nd2 a6 12. a4 Bd7 13. f4 b5 14. axb5 axb5 15. Bd3
bxc4 16. Bxc4 Bb5 17. Nxb5 Nxb5 18. Ra2 Nc7 19. e4 Ng4 20. Rf3 Bd4+ 21. Kh1
Nf2+ 22. Rxf2 Bxf2 23. Bh6 Bd4 24. Bxf8 Qxf8 25. Nf3 Bg7 26. b3 Ra8 27. Ra4 Qb8
28. Qa2 Bc3 29. h3 1/2-1/2

[Event "23.Schlosspark-Open"]
[Site "Wiesbaden"]
[Date "2011.08.28"]
[Round "6.69"]
[White "Köllmer, Hans"]
[Black "Memmeler, Björn"]
[Result "1/2-1/2"]
[WhiteElo "1604"]
[BlackElo "1427"]
[PlyCount "58"]
[EventDate "2011.??.??"]
[WhiteTeam "Sfr.Heidesheim"]
[BlackTeam "Wiesbadener SV 1885"]

1. e4 c5 2. d3 Nc6 3. Nf3 d6 4. g3 Nf6 5. Bg2 g6 6. Nbd2 Bg7 7. O-O O-O 8. Re1
e5 9. Nf1 b5 10. Bg5 Be6 11. Qc1 Nd4 12. Nxd4 cxd4 13. a4 b4 14. Bh6 Qc7 15.
Bxg7 Kxg7 16. Qd2 a5 17. Rec1 Ra6 18. f4 h6 19. h3 Rc6 20. g4 Bd7 21. Bf3 Rc8
22. Bd1 Rc5 23. b3 Nh7 24. Ng3 f6 25. Kh2 Be8 26. h4 Bf7 27. Rab1 Qd8 28. Kh3
R8c7 29. f5 g5 1/2-1/2

[Event "23.Schlosspark-Open"]
[Site "Wiesbaden"]
[Date "2011.08.28"]
[Round "6.70"]
[White "Urbach, Jens"]
[Black "Meisegeier, Thomas"]
[Result "0-1"]
[WhiteElo "1123"]
[BlackElo "1752"]
[PlyCount "148"]
[EventDate "2011.??.??"]
[WhiteTeam "Sfr. Frankfurt 1921"]
[BlackTeam "SC Frankfurt-West"]

1. e4 d5 2. exd5 Qxd5 3. Nc3 Qa5 4. d4 c6 5. Bd2 Qc7 6. g3 Nf6 7. Bf4 Qd8 8.
Bg2 Bf5 9. Nge2 e6 10. O-O Be7 11. a3 O-O 12. b4 Nd5 13. Nxd5 exd5 14. Qc1 Nd7
15. c4 Bd3 16. Re1 Bxc4 17. Qe3 Re8 18. Nc3 Nf6 19. Qd2 Nh5 20. Be3 b5 21. Bf3
Nf6 22. Qb2 Qd7 23. a4 a6 24. a5 Qh3 25. Bg2 Qh5 26. h3 Bd6 27. Ne2 Ne4 28. Bf4
Bxf4 29. Nxf4 Qf5 30. Qc2 Nxg3 31. Rxe8+ Rxe8 32. Qxf5 Nxf5 33. Rd1 Nh4 34. Bh1
h6 35. Kh2 Ng6 36. Nxg6 fxg6 37. h4 Kf7 38. Bf3 Be2 39. Bxe2 Rxe2 40. Kg3 Kf6
41. Rc1 Re6 42. f4 Ke7 43. Kf3 Kd6 44. Rg1 Ke7 45. Rg2 Kf6 46. Rc2 g5 47. fxg5+
hxg5 48. h5 Kf5 49. Rc3 g4+ 50. Kf2 Kg5 51. Rc1 Kf4 52. Kg2 Kg5 53. Rh1 Re4 54.
Rc1 Re6 55. Rh1 Re2+ 56. Kg3 Rc2 57. Re1 Rc3+ 58. Kg2 Kxh5 59. Rh1+ Kg5 60. Rh8
Rc4 61. Rc8 Kf4 62. Rf8+ Ke4 63. Kg3 Kxd4 64. Kxg4 Kc3+ 65. Kg3 Kxb4 66. Rf7
Kxa5 67. Rxg7 b4 68. Rh7 b3 69. Rh2 Kb4 70. Rh8 a5 71. Rb8+ Ka3 72. Rf8 b2 73.
Rf3+ Ka2 74. Rf2 Ka1 0-1

[Event "23.Schlosspark-Open"]
[Site "Wiesbaden"]
[Date "2011.08.28"]
[Round "6.71"]
[White "Kümmel, Werner"]
[Black "Wöhl, Sebastian"]
[Result "0-1"]
[WhiteElo "1310"]
[BlackElo "1091"]
[PlyCount "84"]
[EventDate "2011.??.??"]
[WhiteTeam "SC Bad Soden"]
[BlackTeam "SC Groß-Zimmern"]

1. d4 d5 2. c4 Nf6 3. cxd5 Nxd5 4. e4 Nf6 5. Nc3 Nc6 6. Nf3 Bg4 7. Be3 e6 8. d5
exd5 9. exd5 Ne5 10. Be2 Nxf3+ 11. Bxf3 Bxf3 12. Qxf3 Bb4 13. Rd1 Qd6 14. O-O
a6 15. a3 Bxc3 16. bxc3 O-O-O 17. a4 Qa3 18. c4 Qxa4 19. c5 Qe4 20. Qxe4 Nxe4
21. f3 Nc3 22. Rd3 Nxd5 23. Bf2 b6 24. Rfd1 Nc3 25. Rxd8+ Rxd8 26. Rxd8+ Kxd8
27. cxb6 cxb6 28. Bxb6+ Kd7 29. Kf1 Kc6 30. Bd4 Nb5 31. Bxg7 Kc5 32. Ke2 Kc4
33. Kd2 Kb3 34. Kc1 Nc3 35. Kd2 Nb1+ 36. Kc1 Nc3 37. h4 a5 38. g4 a4 39. f4 a3
40. Bxc3 Kxc3 41. Kb1 Kd4 42. h5 Ke4 0-1

[Event "23.Schlosspark-Open"]
[Site "Wiesbaden"]
[Date "2011.08.28"]
[Round "6.72"]
[White "Fey, Karl-Heinz"]
[Black "Hansch, Christian Min"]
[Result "0-1"]
[WhiteElo "827"]
[BlackElo "1229"]
[PlyCount "60"]
[EventDate "2011.??.??"]
[WhiteTeam "SC 1926 Haßloch"]
[BlackTeam "SC Turm Büdingen"]

1. c4 e5 2. Nc3 Bc5 3. d3 b6 4. g3 Bb7 5. Nf3 Nf6 6. h3 e4 7. dxe4 Nxe4 8. Nxe4
Bxe4 9. Bg2 Qf6 10. O-O O-O 11. Bf4 d6 12. Nd2 Bxg2 13. Kxg2 Qxb2 14. e3 Qf6
15. Ne4 Qf5 16. Qf3 Re8 17. Nf6+ Qxf6 18. Qxa8 g5 19. Bxg5 Qxg5 20. f4 Qf5 21.
g4 Qe4+ 22. Qxe4 Rxe4 23. Kg3 Rxe3+ 24. Kh4 Rc3 25. Rfc1 Rxc1 26. Rxc1 Be3 27.
Rf1 Nc6 28. f5 Ne5 29. Re1 Nxc4 30. f6 Bf2+ 0-1

[Event "23.Schlosspark-Open"]
[Site "Wiesbaden"]
[Date "2011.08.28"]
[Round "6.74"]
[White "Lochmann, Tobias"]
[Black "Peschk, Kathrin"]
[Result "0-1"]
[WhiteElo "730"]
[BlackElo "926"]
[PlyCount "64"]
[EventDate "2011.??.??"]
[WhiteTeam "SV 1946 Groß-Gerau"]
[BlackTeam "SV 1946 Groß-Gerau"]

1. g3 e5 2. e4 Nc6 3. Nc3 Bc5 4. Qe2 Nf6 5. Bh3 Nd4 6. Qd1 O-O 7. Nf3 c6 8.
Nxd4 Bxd4 9. Qe2 d6 10. Bf1 a6 11. d3 b5 12. Bd2 Be6 13. O-O-O c5 14. Bg5 Bxc3
15. bxc3 Bxa2 16. Kd2 Be6 17. h4 h6 18. Bxf6 Qxf6 19. Ke1 Qd8 20. Bh3 Bxh3 21.
Rxh3 Qa5 22. Qd2 Qc7 23. g4 Qd7 24. Rg3 Qe7 25. g5 h5 26. Qe2 g6 27. Ra1 a5 28.
Rb1 b4 29. c4 a4 30. c3 b3 31. Qb2 Rfb8 32. Rg2 a3 0-1

[Event "23.Schlosspark-Open"]
[Site "Wiesbaden"]
[Date "2011.08.28"]
[Round "6.75"]
[White "Wöhl, Jessica"]
[Black "Bangert, Martin"]
[Result "0-1"]
[WhiteElo "906"]
[BlackElo "858"]
[PlyCount "74"]
[EventDate "2011.??.??"]
[WhiteTeam "SC Groß-Zimmern"]
[BlackTeam "SC Eschbach/Usi- Land"]

1. e4 e5 2. Nf3 Nc6 3. Bb5 a6 4. Bc4 Nf6 5. d3 d6 6. Bg5 Be7 7. h3 O-O 8. O-O
b5 9. Bxf6 Bxf6 10. Bd5 Bb7 11. Nc3 Na5 12. Qd2 c6 13. Bb3 Rc8 14. d4 exd4 15.
Nxd4 c5 16. Nf5 d5 17. a3 Nxb3 18. cxb3 d4 19. Ne2 Bxe4 20. Neg3 Bxf5 21. Nxf5
Qd5 22. Qd3 c4 23. bxc4 bxc4 24. Qf3 Qxf3 25. gxf3 d3 26. Rad1 Bxb2 27. Ne7+
Kh8 28. Nxc8 Rxc8 29. a4 g6 30. Rb1 c3 31. Kg2 Rb8 32. f4 c2 33. Rxb2 Rxb2 34.
Re1 d2 35. Re8+ Kg7 36. Ra8 c1=Q 37. Rxa6 d1=Q 0-1